Theodor W. Adorno Ästhetische Theorie (Record no. 60933)
[ view plain ]
| 000 -LEADER | |
|---|---|
| fixed length control field | 00512nam a22001937a 4500 |
| 005 - DATE & TIME | |
| control field | 20260530154919.0 |
| 008 - FIXED-LENGTH DATA ELEMENTS--GENERAL INFORMATION | |
| fixed length control field | 260530b |||||||| |||| 00| 0 eng d |
| 020 ## - ISBN | |
| International Standard Book Number | 9783110670653 |
| Price | 2640.71 |
| 040 ## - CATALOGING SOURCE | |
| Original cataloging agency | Doon University |
| 041 ## - Language | |
| Language | German |
| 082 ## - DDC NUMBER | |
| Classification number | 111.85 |
| Book Number | THE |
| 100 ## - MAIN ENTRY--PERSONAL NAME | |
| Personal name | Eusterschulte, Anne (ed) |
| 245 ## - TITLE STATEMENT | |
| Title | Theodor W. Adorno Ästhetische Theorie |
| 260 ## - PUBLICATION, DISTRIBUTION, ETC. (IMPRINT) | |
| Place of publication, distribution, etc | Berlin |
| Name of publisher, distributor, etc | De Gruyter |
| Date of publication, distribution, etc | 2021 |
| 300 ## - PHYSICAL DESCRIPTION | |
| Pages | 304 |
| 650 ## - Subject | |
| Subject | German Language |
| 700 ## - Added Entry Personal Name | |
| Added Entry Personal Name | Trankle, Sebastian (ed) |
| 942 ## - ADDED ENTRY ELEMENTS (KOHA) | |
| Koha item type | Books |
| 100 ## - MAIN ENTRY--PERSONAL NAME | |
| -- | 26956 |
| 700 ## - Added Entry Personal Name | |
| -- | 26957 |
| 952 ## - LOCATION AND ITEM INFORMATION (KOHA) | |
| -- | 2026-05-30 |
| 952 ## - LOCATION AND ITEM INFORMATION (KOHA) | |
| -- | 2026-05-30 |
| Withdrawn status | Lost status | Source of classification or shelving scheme | Damaged status | Not for loan | Location (home branch) | Sublocation or collection (holding branch) | Date acquired | Koha full call number | Accession No. | Koha date last seen | Koha item type | Koha issues (times borrowed) |
|---|---|---|---|---|---|---|---|---|---|---|---|---|
| Not For Loan | Doon University | Doon University | 30.05.2026 | 111.85 THE | 54081 | 30.05.2026 | Reference | |||||
| Doon University | Doon University | 30.05.2026 | 111.85 THE | 54082 | 30.05.2026 | Books |